Datum a čas kvízu
20
Celkem bodů
Celkový počet nahraných bodů na tomto kvízu bez doplňovacích otázek.
4.
Pořadí na kvízu
Konečné umístění týmu na tomto kvízu.
Zaznamenané odpovědi
| # | Otázka | Odpověď | Body | Výsledky |
|---|---|---|---|---|
| 1. | Hnutí SPD zveřejnilo na sociál... | někteří členové rodiny mají 6 prstů | 1 | |
| 2. | Společnost Air Baltic spustila... | Kunda | 1 | |
| 3. | Který známý americký influence... | Jake Paul | 1 | |
| 4. | Ve čtvrtek byla v aukci v Los... | klobouk (Indiany Jonese) | 1 | |
| 5. | Který český fotbalista přestou... | Adam Hložek | 0 | |
| 6. | Ve kterém americkém filmu z ro... | Ladíme! (Pitch Perfect) | 1 | |
| 7. | Francouzská hudební komedie s... | Piti Piti Pa | 0 | |
| 8. | Animovaný hudební film Alvin a... | Simon a Theodor | 0 | |
| 9. | V Hříšném tanci si zahráli hla... | Frances, Baby | 0 | |
| 10. | Který hudební film s Karlem Go... | Hvězda padá vzhůru | 0 |